000 00562nam a2200217Ia 4500
005 20250508164554.0
008 008 250505s9999 xx 000 0 eng d
020 _a0-415-25263-6
037 _aTextual
040 _aFEDL
_beng
_cFEDL
041 _aeng
_2eng
084 _a418, PAL
_qFEDL
100 _aPalmer Richard
245 0 _aWrit in style: A guide to good english
250 _a2nd
260 _aLondon, UK
_bRoutledge
_c2003
300 _axix,255p.
365 _aINR
_b295
942 _cTEXL
_h418, PAL
999 _c1389881
_d1389881